000 00426nam a2200181Ia 4500
001 24239
005 20260414151030.0
008 260414t2019||||xx |||||||||||||| ||spa||
041 _aESP
082 _a345.2
_bA66
100 _aArana Morales, William
_eAUT
245 0 _aManual del proceso penal
_b
260 _c2019
300 _a285 páginas :
_c25 cm.
650 _aDER
654 _aCDE
942 _cLIB
_dJUS
_fJUS
_2ddc
_n
999 _c24239
_d24239